000 00663nam a2200169 a 4500
001 000044175
005 20201002045209.0
008 140604s2009 dr ac 000 0 spa d
020 _a9789945130980
040 _aDO-SdBNP
_bspa
_cBNPHU
100 1 _aFranco Soto, Francisco
_972178
245 1 3 _aEl estado dominicano y su inembargabilidad :
_bcon estudio comparado sobre el tema en Francia, España, Argentina /
_cFrancisco Franco Soto.
260 _aSanto Domingo :
_bEdiciones Jurídicas,
_c2009.
300 _a235 p. :
_bil., retrs. ;
_c26 cm.
504 _aIncluye referencias bibliográficas y notas al pie de las páginas
504 _aBibliografía : p. 229-230
999 _c43664
_d43664